000 00533nam a22002177i 4500
001 5788
003 OSt
005 20180914121634.0
007 tu
008 161220s1991 gw ||||| |||| ||| ||ger|d
020 _a3-925450-26-2
024 7 _a5788
_2RID
024 7 _a5788
_2RSN (alt)
040 _cOSt
041 _ager
100 1 _aGumpel, Werner
_eEd.
245 0 0 _aEuropa und die Türkei in den neunziger Jahren
260 _aMünchen :
_bSüdosteuropa-Gesellschaft,
_c1991.
490 _aSüdosteuropa aktuell
_v11
942 _cB
999 _c5522
_d5522